ARRUPE JESUIT UNIVERSITY

CORONAVIRUS -STOP THE SPREAD - CLEAN,DISINFECT,COVER

The children of Sánchez : (Record no. 129825)

MARC details
000 -LEADER
fixed length control field 00975cam a2200277 a 4500
001 - CONTROL NUMBER
control field 17288617
003 - CONTROL NUMBER IDENTIFIER
control field ARRUPE
005 - DATE AND TIME OF LATEST TRANSACTION
control field 20190910102803.0
008 - FIXED-LENGTH DATA ELEMENTS--GENERAL INFORMATION
fixed length control field 120507s2011 nyu 000 0ceng
010 ## - LIBRARY OF CONGRESS CONTROL NUMBER
LC control number 2011292807
020 ## - INTERNATIONAL STANDARD BOOK NUMBER
International Standard Book Number 9780307744531 (pbk.)
040 ## - CATALOGING SOURCE
Original cataloging agency DLC
Transcribing agency DLC
042 ## - AUTHENTICATION CODE
Authentication code pcc
043 ## - GEOGRAPHIC AREA CODE
Geographic area code n-mx---
050 00 - LIBRARY OF CONGRESS CALL NUMBER
Classification number HQ562
Item number .L38 1961
082 00 - DEWEY DECIMAL CLASSIFICATION NUMBER
Classification number 309.172
300 ## - PHYSICAL DESCRIPTION
Dimensions 19 cm.
100 1# - MAIN ENTRY--PERSONAL NAME
Personal name Lewis, Oscar,
Dates associated with a name 1914-1970.
9 (RLIN) 48105
245 14 - TITLE STATEMENT
Title The children of Sánchez :
Remainder of title autobiofraphy of a Mexican family /
Statement of responsibility, etc Oscar Lewis ;
250 ## - EDITION STATEMENT
Edition statement 2nd Vintage Books ed., 50th anniversary ed.
260 ## - PUBLICATION, DISTRIBUTION, ETC. (IMPRINT)
Place of publication, distribution, etc Middlesex :
Name of publisher, distributor, etc Penguin Books,
Date of publication, distribution, etc 1961.
300 ## - PHYSICAL DESCRIPTION
Extent xxx, 506 p. ;
650 #0 - SUBJECT ADDED ENTRY--TOPICAL TERM
Topical term or geographic name as entry element Families
Geographic subdivision Mexico
Form subdivision Case studies.
9 (RLIN) 48106
651 #0 - SUBJECT ADDED ENTRY--GEOGRAPHIC NAME
Geographic name Mexico
General subdivision Social conditions.
9 (RLIN) 48107
651 #0 - SUBJECT ADDED ENTRY--GEOGRAPHIC NAME
Geographic name Mexico (city)
General subdivision Poor
9 (RLIN) 48108
906 ## - LOCAL DATA ELEMENT F, LDF (RLIN)
a 7
b cbc
c orignew
d 3
e ncip
f 20
g y-gencatlg
942 ## - ADDED ENTRY ELEMENTS (KOHA)
Source of classification or shelving scheme Library of Congress Classification
Koha item type Monograph ( Printed materials)
Holdings
Withdrawn status Lost status Source of classification or shelving scheme Damaged status Not for loan Collection code Home library Current library Shelving location Date acquired Total Checkouts Full call number Barcode Date last seen Price effective from Koha item type
    Library of Congress Classification     Main Collection ARRUPE LIBRARY ARRUPE LIBRARY Main Collection 10/09/2019   HQ562 .L38 1961 46600005481 10/09/2019 10/09/2019 Monograph ( Printed materials)

 

Arrupe Library. PO Box MP320 Mt Pleasant, Harare, Zimbabwe
263 242 745411|librarian@aju.ac.zw